000 00628cab a2200241 4500
001 ABS60305
008 090401t1999 xxu||||| |||| 00| 0 eng d
035 _a(Sirsi) u92446
041 _aeng
100 _aMoore, L.
245 _aEurope jumps on the green bandwagon
260 _c1999
350 _a0
490 _aProperty Week
_v64(11) 26 March 1999, 37(1)
650 _aCONTAMINATED LAND
650 _aENVIRONMENTAL LIABILITY
650 _aEU LIABILITY SCHEME
650 _aPOLLUTER PAYS PRINCIPLE
650 _aPOLLUTION
690 _aENVIRONMENTAL AND LAND CONSULTANCY
942 _n0
948 _c30/03/1999
999 _c58604
_d58604